UBT Library

Taylor's handbook of clinical nursing skills / (Record no. 44198)

000 -LEADER
fixed length control field 01053cam a2200289 i 4500
001 - CONTROL NUMBER
control field 18175688
005 - DATE AND TIME OF LATEST TRANSACTION
control field 20180306075947.0
008 - FIXED-LENGTH DATA ELEMENTS--GENERAL INFORMATION
fixed length control field 140602t20152015paua bf 000 0 eng
010 ## - LIBRARY OF CONGRESS CONTROL NUMBER
LC control number 2014021540
020 ## - INTERNATIONAL STANDARD BOOK NUMBER
International Standard Book Number 9781451193633 (alk. paper)
020 ## - INTERNATIONAL STANDARD BOOK NUMBER
International Standard Book Number 1451193637 (alk. paper)
035 ## - SYSTEM CONTROL NUMBER
System control number (DNLM)101633741
040 ## - CATALOGING SOURCE
Original cataloging agency DNLM/DLC
Transcribing agency DLC
Description conventions rda
Modifying agency DLC
041 ## - LANGUAGE CODE
Language code of text/sound track or separate title eng
042 ## - AUTHENTICATION CODE
Authentication code pcc
060 10 - NATIONAL LIBRARY OF MEDICINE CALL NUMBER
Classification number WY 49
080 ## - UNIVERSAL DECIMAL CLASSIFICATION NUMBER
Universal Decimal Classification number 610.73 LYN
082 00 - DEWEY DECIMAL CLASSIFICATION NUMBER
Classification number 610.73 LYN
Edition number 23
100 1# - Rafti
Rafti 1
101 ## - Shkurtesa
Shkurtesa INF
245 10 - TITLE STATEMENT
Title Taylor's handbook of clinical nursing skills /
Statement of responsibility, etc Pamela Lynn, MSN, RN, Instructor, Frances M. Maguire School of Nursing and Health Professions, Gwynedd Mercy University, Gwynedd Valley, Pennsylvania.
246 1# - VARYING FORM OF TITLE
Title proper/short title Handbook of clinical nursing skills
504 ## - BIBLIOGRAPHY, ETC. NOTE
Bibliography, etc Includes bibliographical references (pages 990-1000).
906 ## - LOCAL DATA ELEMENT F, LDF (RLIN)
a 7
b cbc
c orignew
d 1
e ecip
f 20
g y-gencatlg
942 ## - ADDED ENTRY ELEMENTS (KOHA)
Source of classification or shelving scheme
Item type Books
Holdings
Withdrawn status Lost status Source of classification or shelving scheme Damaged status Not for loan Collection code Permanent location Current location Shelving location Date acquired Total Checkouts Full call number Barcode Date last seen Price effective from Koha item type
          Koleksioni i përgjithshem UBT - Lipjan UBT - Lipjan Koleksioni i përgjithshem 03/06/2018   610.73 LYN 002-3001142 03/06/2018 03/06/2018 Books
UBT Library © 2015-2024. All rights reserved University Education for Business and Technology